Sedjarah berdirinja Perhimpunan Management Indonesia (PERMANIN) (Record no. 89365)

MARC details
000 -LEADER
fixed length control field 00983cam a22002651 4500
001 - CONTROL NUMBER
control field sa 68020332
003 - CONTROL NUMBER IDENTIFIER
control field DLC
005 - DATE AND TIME OF LATEST TRANSACTION
control field 20260227112723.0
008 - FIXED-LENGTH DATA ELEMENTS--GENERAL INFORMATION
fixed length control field 750708s1968 xx 000 0 eng
010 ## - LIBRARY OF CONGRESS CONTROL NUMBER
LC control number sa 68020332
035 ## - SYSTEM CONTROL NUMBER
System control number (OCoLC)1434758
040 ## - CATALOGING SOURCE
Original cataloging agency DLC
Transcribing agency OAU
Modifying agency DLC
041 0# - LANGUAGE CODE
Language code of text/sound track or separate title engind
042 ## - AUTHENTICATION CODE
Authentication code premarc
050 00 - LIBRARY OF CONGRESS CALL NUMBER
Classification number HD29
Item number .P45 1968
110 2# - MAIN ENTRY--CORPORATE NAME
Corporate name or jurisdiction name as entry element Perhimpunan Management Indonesia.
245 10 - TITLE STATEMENT
Title Sedjarah berdirinja Perhimpunan Management Indonesia (PERMANIN)
Remainder of title Indonesian Management Association (INMA) tanggal 17 April 1968, sampai Seminar on Top Management Control tanggal 8 Mei 1968.
260 ## - PUBLICATION, DISTRIBUTION, ETC.
Place of publication, distribution, etc. Djakarta,
Name of publisher, distributor, etc. Sekretariat Perhimpunan Management Indonesia
Date of publication, distribution, etc. [1968]
300 ## - PHYSICAL DESCRIPTION
Extent 1 v. (various pagings)
Dimensions 33 cm.
500 ## - GENERAL NOTE
General note Cover title.
500 ## - GENERAL NOTE
General note Indonesian and English.
650 #0 - SUBJECT ADDED ENTRY--TOPICAL TERM
Topical term or geographic name entry element Industrial management
Form subdivision Congresses.
650 #0 - SUBJECT ADDED ENTRY--TOPICAL TERM
Topical term or geographic name entry element Industrial management
Geographic subdivision Indonesia
Form subdivision Congresses.
711 2# - ADDED ENTRY--MEETING NAME
Meeting name or jurisdiction name as entry element Seminar on Top Management Control
Date of meeting or treaty signing (1968 :
Location of meeting Djakarta)

No items available.

Powered by Koha